Statistics for Every World Cup Final scorer

Click here to take the quiz!

General Stats

  • This quiz has been taken 50 times
    (22 since last reset)
  • The average score is 28 of 59

Answer Stats

YearTeamPlayergoals% Correct
2022FranceKylian Mbappé3
100%
2018FranceKylian Mbappé
100%
2022ArgentinaLionel Messi2
100%
1998FranceZinedine Zidane2
100%
2006FranceZinedine Zidane
100%
2010SpainAndrés Iniesta
95%
2022ArgentinaÁngel Di María
95%
1958BrazilPelé2
95%
1970BrazilPelé
95%
2002BrazilRonaldo2
95%
2014GermanyMario Götze
84%
2018CroatiaMario Mandžukić
84%
2018FranceAntoine Griezmann
79%
1978ArgentinaMario Kempes2
79%
1990West GermanyAndreas Brehme
68%
1998FranceEmmanuel Petit
68%
1974West GermanyGerd Müller
68%
2006ItalyMarco Materazzi
68%
2018CroatiaIvan Perišić
63%
1970BrazilJairzinho
63%
2018FrancePaul Pogba
63%
1982ItalyPaolo Rossi
58%
1954HungaryFerenc Puskás
53%
1986West GermanyKarl-Heinz Rummenigge
53%
1986West GermanyRudi Völler
53%
1966EnglandGeoff Hurst3
47%
1986ArgentinaJorge Burruchaga
47%
1986ArgentinaJorge Valdano
42%
1962BrazilVavá
42%
1958BrazilVavá2
42%
1954West GermanyHelmut Rahn2
37%
1986ArgentinaJosé Luis Brown
37%
1930ArgentinaGuillermo Stábile
32%
1982ItalyMarco Tardelli
32%
1950UruguayAlcides Ghiggia
26%
1970BrazilCarlos Alberto
26%
1962CzechoslovakiaJosef Masopust
26%
1950UruguayJuan Alberto Schiaffino
26%
1978NetherlandsDirk Nanninga
21%
1974NetherlandsJohan Neeskens
21%
1966EnglandMartin Peters
21%
1974West GermanyPaul Breitner
21%
1982West GermanyPaul Breitner
21%
1958BrazilZagallo
21%
1982ItalyAlessandro Altobelli
16%
1962BrazilAmarildo
16%
1978ArgentinaDaniel Bertoni
16%
1950BrazilFriaça
16%
1930UruguayHéctor Castro
16%
1954West GermanyMax Morlock
16%
1934ItalyRaimundo Orsi
16%
1970BrazilGérson
11%
1966West GermanyHelmut Haller
11%
1930UruguayPedro Cea
11%
1930UruguaySantos Iriarte
11%
1938ItalySilvio Piola2
11%
1962BrazilZito
11%
1954HungaryZoltán Czibor
11%
1966West GermanyWolfgang Weber
5%

Score Distribution

Percentile by Number Answered

Percent of People with Each Score

Your Score History

You have not taken this quiz since the last reset